| 000 | 00564nam a22001577a 4500 | ||
|---|---|---|---|
| 003 | OSt | ||
| 008 | 260616b |||||||| |||| 00| 0 eng d | ||
| 020 | _a9788119002504 | ||
| 082 |
_a581.6340954 _bS61C |
||
| 100 | _aSingh, Anurudh Kumar | ||
| 245 |
_aClassified Inventory of Medicinal and Aromatic Plants Species of Indian Traditional Medicinal Systems/ Singh _bby Anurudh Kumar Singh |
||
| 260 |
_aNew Delhi : _bNew India Publishing Agency, _c2024. |
||
| 300 | _axii, 645 p. | ||
| 650 | _aBotanical sciences | Pure Sciences | Aromatic plants | ||
| 942 |
_2ddc _cBK |
||
| 999 |
_c52114 _d52114 |
||